Catálogo

DISCIPLINAS CUANTITATIVAS EN LASDECISIONES ADMINISTRATIVAS (Registro nro. 24805)

Detalles MARC
000 -LEADER
fixed length control field 00661nam a2200193 a 4500
001 - CONTROL NUMBER
control field 24805
005 - DATE AND TIME OF LATEST TRANSACTION
control field 20180713223052.0
008 - FIXED-LENGTH DATA ELEMENTS--GENERAL INFORMATION
fixed length control field 140415s1974 mx 000 0 spa d
041 ## - LANGUAGE CODE
Language code of text/sound track or separate title spa
082 ## - DEWEY DECIMAL CLASSIFICATION NUMBER
Classification number 658.403
Item number LEV
100 1# - MAIN ENTRY--PERSONAL NAME
Personal name LEVIN, RICHARD
245 10 - TITLE STATEMENT
Title DISCIPLINAS CUANTITATIVAS EN LASDECISIONES ADMINISTRATIVAS
250 ## - EDITION STATEMENT
Edition statement 1a ed.
260 ## - PUBLICATION, DISTRIBUTION, ETC.
Place of publication, distribution, etc. MEXICO :
Name of publisher, distributor, etc. EDICIONES CONTABLES Y ADMINISTRATIVAS,
Date of publication, distribution, etc. 1974
300 ## - PHYSICAL DESCRIPTION
Extent 259
Dimensions 16.2 x 1.6 x 22
490 ## - SERIES STATEMENT
Series statement SERIE DICKENSON SOBRE EL PENSAMIENTO CONTEMPORÁNEO EN LA ADMINISTRACIÓN
700 1# - ADDED ENTRY--PERSONAL NAME
Personal name GARZA QUIROZ, FERNANDO
Relator term tr.
740 ## - ADDED ENTRY--UNCONTROLLED RELATED/ANALYTICAL TITLE
Uncontrolled related/analytical title QUANTITATIVE DISCIPLINES IN MANAGEMENT DECISIONS
Existencias
Withdrawn status Lost status Source of classification or shelving scheme Damaged status Not for loan Collection code Home library Current library Shelving location Date acquired Source of acquisition Inventory number Total Checkouts Full call number Barcode Price effective from Koha item type
    Dewey Decimal Classification     General Biblioteca Karol Wojtyla Biblioteca Karol Wojtyla Sala general 03/12/2013 Compra 151000000000000000014461   658.403 LEV 4631 03/12/2013 Libro